Trasa Linii 218 (MPK KRAKÓW) - Statystyki

Ogólne statystyki
  • Ten quiz został rozwiązany 5 razy
  • Średni wynik to 10 z 32
Statystyki odpowiedzi
Lp. Ulica Przystanek % Poprawnych
1. Balicka Bronowice Małe
100%
2. (NŻ) Balicka Giełda Balicka
100%
5. (NŻ) Balicka Młynówka SKA
75%
4. Balicka UR Balicka
75%
7. (NŻ) ↓ Balicka Zakliki
75%
9. (NŻ) Balicka Cmentarz Mydlniki
50%
6. Balicka Godlewskiego
50%
3. (NŻ) Balicka Lindego
50%
10. (NŻ) Balicka Mydlniki Granica Miasta
50%
11. Rząska ul. BalickaSzczyglice ul. Krakowska Rząska Podkamycze
50%
8. Balicka Wierzyńskiego
50%
32. Zabierzów ul. Rodziny Poganów Zabierzów Młyn
50%
15. (NŻ) Szczyglice ul. KrakowskaSzczyglice ul. Kmity Balice Autostrada
25%
16. (NŻ) ↓ Szczyglice ul. Krakowska Balice Autostrada
25%
20. (NŻ) Balice ul. Radziwiłłów Balice Grzybów
25%
18. (NŻ) Balice ul. Radziwiłłów Balice Remiza
25%
17. Balice ul. Krakowska Balice Szkoła
25%
14. Szczyglice ul. KmitySzczyglice ul. Długa Szczyglice
25%
12. Szczyglice ul. Długa Szczyglice Autostrada
25%
13. Szczyglice ul. Długa Szczyglice Dom Kultury
25%
31. Zabierzów ul. Rodziny Poganów Zabierzów PKP
25%
19. (NŻ) Balice ul. Radziwiłłów Balice Leśna
0%
21. (NŻ) Burów Burów Balica
0%
22. Burów Burów Centrum
0%
24. Kleszczów Kleszczów Centrum
0%
23. (NŻ) Kleszczów Kleszczów Pod Lipką
0%
25. Kochanów ul. Lubomirskich Kochanów Centrum
0%
29. Zabierzów ul. Śląska Zabierzów Kamieniołom
0%
27. Zabierzów ul. Śląska Zabierzów Ośrodek Zdrowia
0%
28. (NŻ) Zabierzów ul. Śląska Zabierzów Piaski
0%
30. Zabierzów ul. Kolejowa Zabierzów Rynek
0%
26. (NŻ) Zabierzów ul. Śląska Zabierzów Wrzosowa
0%
Nie znaleziono quizów pasujących do podanych kryteriów
Rozkład punktacji
Procent ludzi z każdym wynikiem
Percentyl według liczby udzielonych odpowiedzi
Twoja historia wyników
Nie rozwiązałeś tego quizu